<?xml version="1.0" encoding="UTF-8"?>
<record
    xmlns:xsi="http://www.w3.org/2001/XMLSchema-instance"
    xsi:schemaLocation="http://www.loc.gov/MARC21/slim http://www.loc.gov/standards/marcxml/schema/MARC21slim.xsd"
    xmlns="http://www.loc.gov/MARC21/slim">

  <leader>00720nmm a2200229 a 4500</leader>
  <controlfield tag="003">AR-BaBNM</controlfield>
  <controlfield tag="005">20251128211823.0</controlfield>
  <controlfield tag="008">146020s2006    ||||||||||||||000 | spa||</controlfield>
  <datafield tag="020" ind1=" " ind2=" ">
    <subfield code="a">84-494-3185-9</subfield>
  </datafield>
  <datafield tag="040" ind1=" " ind2=" ">
    <subfield code="c">AR-BaBNM</subfield>
  </datafield>
  <datafield tag="245" ind1="1" ind2="0">
    <subfield code="a">Global english academy</subfield>
  </datafield>
  <datafield tag="246" ind1="1" ind2=" ">
    <subfield code="a">Global english academy</subfield>
    <subfield code="b">natural learning</subfield>
  </datafield>
  <datafield tag="260" ind1=" " ind2=" ">
    <subfield code="a">Barcelona</subfield>
    <subfield code="b">Oc&#xE9;ano</subfield>
    <subfield code="c">2006</subfield>
  </datafield>
  <datafield tag="300" ind1="0" ind2=" ">
    <subfield code="a">12 v.</subfield>
    <subfield code="e">12 CD + 12 CD-ROM + 12 DVD</subfield>
  </datafield>
  <datafield tag="500" ind1="1" ind2=" ">
    <subfield code="a">Tiene 3 niveles: Beginners (tomos 1.1 al 1.4), Intermediate (tomos 2.1 al 2.4) y Advanced (tomos 3.1 al 3.4)</subfield>
  </datafield>
  <datafield tag="500" ind1="0" ind2=" ">
    <subfield code="a">Solicitar en Mediateca</subfield>
  </datafield>
  <datafield tag="500" ind1="0" ind2=" ">
    <subfield code="a">Incluye gu&#xED;a (folleto y cd-rom)</subfield>
  </datafield>
  <datafield tag="650" ind1=" " ind2="4">
    <subfield code="a">ENSENANZA DE IDIOMAS</subfield>
  </datafield>
  <datafield tag="650" ind1=" " ind2="4">
    <subfield code="a">INGLES</subfield>
  </datafield>
  <datafield tag="942" ind1=" " ind2=" ">
    <subfield code="c">BK</subfield>
  </datafield>
  <datafield tag="998" ind1=" " ind2=" ">
    <subfield code="c">me-solo cat</subfield>
  </datafield>
  <datafield tag="999" ind1=" " ind2=" ">
    <subfield code="c">21258</subfield>
    <subfield code="d">21258</subfield>
  </datafield>
  <datafield tag="952" ind1=" " ind2=" ">
    <subfield code="0">0</subfield>
    <subfield code="1">0</subfield>
    <subfield code="2">ddc</subfield>
    <subfield code="4">0</subfield>
    <subfield code="5">1</subfield>
    <subfield code="7">1</subfield>
    <subfield code="a">LPL</subfield>
    <subfield code="b">LPL</subfield>
    <subfield code="c">MEDIATECA</subfield>
    <subfield code="d">2025-11-28</subfield>
    <subfield code="e">C-BP-010</subfield>
    <subfield code="l">0</subfield>
    <subfield code="o">802 GEA 1.1</subfield>
    <subfield code="p">142519</subfield>
    <subfield code="r">2025-11-28 21:18:23</subfield>
    <subfield code="w">2025-11-28</subfield>
    <subfield code="y">BK</subfield>
  </datafield>
  <datafield tag="952" ind1=" " ind2=" ">
    <subfield code="0">0</subfield>
    <subfield code="1">0</subfield>
    <subfield code="2">ddc</subfield>
    <subfield code="4">0</subfield>
    <subfield code="5">1</subfield>
    <subfield code="7">1</subfield>
    <subfield code="a">LPL</subfield>
    <subfield code="b">LPL</subfield>
    <subfield code="c">MEDIATECA</subfield>
    <subfield code="d">2025-11-28</subfield>
    <subfield code="e">C-BP-010</subfield>
    <subfield code="l">0</subfield>
    <subfield code="o">802 GEA 1.2</subfield>
    <subfield code="p">142520</subfield>
    <subfield code="r">2025-11-28 21:18:23</subfield>
    <subfield code="w">2025-11-28</subfield>
    <subfield code="y">BK</subfield>
  </datafield>
  <datafield tag="952" ind1=" " ind2=" ">
    <subfield code="0">0</subfield>
    <subfield code="1">0</subfield>
    <subfield code="2">ddc</subfield>
    <subfield code="4">0</subfield>
    <subfield code="5">1</subfield>
    <subfield code="7">1</subfield>
    <subfield code="a">LPL</subfield>
    <subfield code="b">LPL</subfield>
    <subfield code="c">MEDIATECA</subfield>
    <subfield code="d">2025-11-28</subfield>
    <subfield code="e">C-BP-010</subfield>
    <subfield code="l">0</subfield>
    <subfield code="o">802 GEA 1.3</subfield>
    <subfield code="p">142521</subfield>
    <subfield code="r">2025-11-28 21:18:23</subfield>
    <subfield code="w">2025-11-28</subfield>
    <subfield code="y">BK</subfield>
  </datafield>
  <datafield tag="952" ind1=" " ind2=" ">
    <subfield code="0">0</subfield>
    <subfield code="1">0</subfield>
    <subfield code="2">ddc</subfield>
    <subfield code="4">0</subfield>
    <subfield code="5">1</subfield>
    <subfield code="7">1</subfield>
    <subfield code="a">LPL</subfield>
    <subfield code="b">LPL</subfield>
    <subfield code="c">MEDIATECA</subfield>
    <subfield code="d">2025-11-28</subfield>
    <subfield code="e">C-BP-010</subfield>
    <subfield code="l">0</subfield>
    <subfield code="o">802 GEA 1.4</subfield>
    <subfield code="p">142522</subfield>
    <subfield code="r">2025-11-28 21:18:23</subfield>
    <subfield code="w">2025-11-28</subfield>
    <subfield code="y">BK</subfield>
  </datafield>
  <datafield tag="952" ind1=" " ind2=" ">
    <subfield code="0">0</subfield>
    <subfield code="1">0</subfield>
    <subfield code="2">ddc</subfield>
    <subfield code="4">0</subfield>
    <subfield code="5">1</subfield>
    <subfield code="7">1</subfield>
    <subfield code="a">LPL</subfield>
    <subfield code="b">LPL</subfield>
    <subfield code="c">MEDIATECA</subfield>
    <subfield code="d">2025-11-28</subfield>
    <subfield code="e">C-BP-010</subfield>
    <subfield code="l">0</subfield>
    <subfield code="o">802 GEA 2.1</subfield>
    <subfield code="p">142523</subfield>
    <subfield code="r">2025-11-28 21:18:23</subfield>
    <subfield code="w">2025-11-28</subfield>
    <subfield code="y">BK</subfield>
  </datafield>
  <datafield tag="952" ind1=" " ind2=" ">
    <subfield code="0">0</subfield>
    <subfield code="1">0</subfield>
    <subfield code="2">ddc</subfield>
    <subfield code="4">0</subfield>
    <subfield code="5">1</subfield>
    <subfield code="7">1</subfield>
    <subfield code="a">LPL</subfield>
    <subfield code="b">LPL</subfield>
    <subfield code="c">MEDIATECA</subfield>
    <subfield code="d">2025-11-28</subfield>
    <subfield code="e">C-BP-010</subfield>
    <subfield code="l">0</subfield>
    <subfield code="o">802 GEA 2.2</subfield>
    <subfield code="p">142524</subfield>
    <subfield code="r">2025-11-28 21:18:23</subfield>
    <subfield code="w">2025-11-28</subfield>
    <subfield code="y">BK</subfield>
  </datafield>
  <datafield tag="952" ind1=" " ind2=" ">
    <subfield code="0">0</subfield>
    <subfield code="1">0</subfield>
    <subfield code="2">ddc</subfield>
    <subfield code="4">0</subfield>
    <subfield code="5">1</subfield>
    <subfield code="7">1</subfield>
    <subfield code="a">LPL</subfield>
    <subfield code="b">LPL</subfield>
    <subfield code="c">MEDIATECA</subfield>
    <subfield code="d">2025-11-28</subfield>
    <subfield code="e">C-BP-010</subfield>
    <subfield code="l">0</subfield>
    <subfield code="o">802 GEA 2.3</subfield>
    <subfield code="p">142525</subfield>
    <subfield code="r">2025-11-28 21:18:23</subfield>
    <subfield code="w">2025-11-28</subfield>
    <subfield code="y">BK</subfield>
  </datafield>
  <datafield tag="952" ind1=" " ind2=" ">
    <subfield code="0">0</subfield>
    <subfield code="1">0</subfield>
    <subfield code="2">ddc</subfield>
    <subfield code="4">0</subfield>
    <subfield code="5">1</subfield>
    <subfield code="7">1</subfield>
    <subfield code="a">LPL</subfield>
    <subfield code="b">LPL</subfield>
    <subfield code="c">MEDIATECA</subfield>
    <subfield code="d">2025-11-28</subfield>
    <subfield code="e">C-BP-010</subfield>
    <subfield code="l">0</subfield>
    <subfield code="o">802 GEA 2.4</subfield>
    <subfield code="p">142526</subfield>
    <subfield code="r">2025-11-28 21:18:23</subfield>
    <subfield code="w">2025-11-28</subfield>
    <subfield code="y">BK</subfield>
  </datafield>
  <datafield tag="952" ind1=" " ind2=" ">
    <subfield code="0">0</subfield>
    <subfield code="1">0</subfield>
    <subfield code="2">ddc</subfield>
    <subfield code="4">0</subfield>
    <subfield code="5">1</subfield>
    <subfield code="7">1</subfield>
    <subfield code="a">LPL</subfield>
    <subfield code="b">LPL</subfield>
    <subfield code="c">MEDIATECA</subfield>
    <subfield code="d">2025-11-28</subfield>
    <subfield code="e">C-BP-010</subfield>
    <subfield code="l">0</subfield>
    <subfield code="o">802 GEA 3.1</subfield>
    <subfield code="p">142527</subfield>
    <subfield code="r">2025-11-28 21:18:23</subfield>
    <subfield code="w">2025-11-28</subfield>
    <subfield code="y">BK</subfield>
  </datafield>
  <datafield tag="952" ind1=" " ind2=" ">
    <subfield code="0">0</subfield>
    <subfield code="1">0</subfield>
    <subfield code="2">ddc</subfield>
    <subfield code="4">0</subfield>
    <subfield code="5">1</subfield>
    <subfield code="7">1</subfield>
    <subfield code="a">LPL</subfield>
    <subfield code="b">LPL</subfield>
    <subfield code="c">MEDIATECA</subfield>
    <subfield code="d">2025-11-28</subfield>
    <subfield code="e">C-BP-010</subfield>
    <subfield code="l">0</subfield>
    <subfield code="o">802 GEA 3.2</subfield>
    <subfield code="p">142528</subfield>
    <subfield code="r">2025-11-28 21:18:23</subfield>
    <subfield code="w">2025-11-28</subfield>
    <subfield code="y">BK</subfield>
  </datafield>
  <datafield tag="952" ind1=" " ind2=" ">
    <subfield code="0">0</subfield>
    <subfield code="1">0</subfield>
    <subfield code="2">ddc</subfield>
    <subfield code="4">0</subfield>
    <subfield code="5">1</subfield>
    <subfield code="7">1</subfield>
    <subfield code="a">LPL</subfield>
    <subfield code="b">LPL</subfield>
    <subfield code="c">MEDIATECA</subfield>
    <subfield code="d">2025-11-28</subfield>
    <subfield code="e">C-BP-010</subfield>
    <subfield code="l">0</subfield>
    <subfield code="o">802 GEA 3.3</subfield>
    <subfield code="p">142529</subfield>
    <subfield code="r">2025-11-28 21:18:23</subfield>
    <subfield code="w">2025-11-28</subfield>
    <subfield code="y">BK</subfield>
  </datafield>
  <datafield tag="952" ind1=" " ind2=" ">
    <subfield code="0">0</subfield>
    <subfield code="1">0</subfield>
    <subfield code="2">ddc</subfield>
    <subfield code="4">0</subfield>
    <subfield code="5">1</subfield>
    <subfield code="7">1</subfield>
    <subfield code="a">LPL</subfield>
    <subfield code="b">LPL</subfield>
    <subfield code="c">MEDIATECA</subfield>
    <subfield code="d">2025-11-28</subfield>
    <subfield code="e">C-BP-010</subfield>
    <subfield code="l">0</subfield>
    <subfield code="o">802 GEA 3.4</subfield>
    <subfield code="p">142530</subfield>
    <subfield code="r">2025-11-28 21:18:23</subfield>
    <subfield code="w">2025-11-28</subfield>
    <subfield code="y">BK</subfield>
  </datafield>
</record>
